=LDR 00000nam 2200000 4500 =001 INLIS000000000004144 =005 20130612092427 =008 ***********************************Ind** =035 ##$$0010-061300000004144 =041 ##$$a Ind =082 ##$$a 973.9 =090 ##$$a 973.9, Kon =245 ##$$a Konflik dan konsensus dalam sejarah Amerika Modern, Editor, Allen F.Davis, Harold D. Woodman =260 ##$$a [19-?] $b Yogyakarta =300 ##$$a xlii, 655 hlm, ilus, 21 cm =650 ##$$a Amerika Serikat =650 ##$$a Sejarah =700 ##$$a Davis, Allen F =850 ##$$a NBPNMAT